Southern Food Slideshow Quiz Stats

Quiz Updated May 15, 2015

Challenge
Share
Tweet
Score 0/25 Timer 10:00
6 Plays Today
% Correct
Fried chicken
97.8%
Pecan pie
95.5%
Barbecue ribs
94.8%
Iced tea
93.2%
Cornbread
91.3%
Grits
88%
Red velvet cake
88%
Key lime pie
85.3%
Biscuits and sausage gravy
83.5%
Peach cobbler
78.3%
Fried green tomatoes
73.5%
Hushpuppies
70.7%
Chicken fried steak
69.1%
% Correct
Gumbo
66.4%
Fried okra
66.2%
Mint julep
62.8%
Jambalaya
62.4%
Po' boy
62.2%
Banana pudding
47.4%
Chicken and dumplings
42.6%
Pimento cheese
26.6%
Low Country boil
23.1%
Crawfish étouffée
13%
Hoppin' John
10.9%
Brunswick stew
9.9%

You're not logged in!

Compare scores with friends on all Sporcle quizzes.
Join for Free
OR
Log In

You Might Also Like...

Show Comments

Extras

Top Quizzes Today


Score Distribution

Your Account Isn't Verified!

In order to create a playlist on Sporcle, you need to verify the email address you used during registration. Go to your Sporcle Settings to finish the process.

Report this User

Report this user for behavior that violates our Community Guidelines.

Details: